Widok standardowy
Widok MARC
Pozycja Personal Name
Liczba rekordów, w których użyto hasła: 1
001 - Numer kontrolny
- control field: 40792
003 - Identyfikator numeru kontrolnego
- control field: NUKAT
005 - Data i czas ostatniej modyfikacji
- control field: 20260428125003.0
008 - Dane kontrolne kodowane (40 znaków)
- fixed length control field: 971013n||a|znnaabn |a aaa |c
010 ## - Numer kontrolny Biblioteki Kongresu
- numer kontrolny LC: n 97086036
040 ## - Instytucja sporządzająca rekord
- inst. przygot. dane do rek. khw: WR U/jm
- język haseł przedmiotowych/tezaurus: kaba
- inst. wprow. rek. khw: WR U/jm
- inst. modyf. rek. khw: WR O/GW
046 ## - Special dates
- Birth date: 1885~
- Death date: 1935
- Date source: edtf
100 1# - Hasło - nazwa osobowa
- nazwa osobowa w formie ujednoliconej: Walicka-Łada, Janina
- daty biograficzne: (około 1885-1935).
400 1# - Trop zob. - nazwa osobowa
- nazwa osobowa (nazwisko, imiona): Łada, Janina Walicka-.
400 1# - Trop zob. - nazwa osobowa
- nazwa osobowa (nazwisko, imiona): Walicka, Janina
- daty biograficzne: (około 1885-1935).
400 1# - Trop zob. - nazwa osobowa
- nazwa osobowa (nazwisko, imiona): Łada Walicka, Janina.
670 ## - Źródło informacji
- źródło informacji: PseudPP. - 1994-1996
670 ## - Źródło informacji
- źródło informacji: Kp. Pisma literackie / W. G. Bieliński. - Wrocław, 1962.
- gdzie znaleziono informację: Tł. z ros.
670 ## - Źródło informacji
- źródło informacji: "Ułani, ułani malowane dzieci"... / Janina Łada Walicka. - Lwów, 1921.